Tepelná čerpadla /
Uloženo v:
| Hlavní autoři: | , |
|---|---|
| Médium: | Kniha |
| Jazyk: | čeština |
| Vydáno: |
Praha :
EkoWATT,
2009
|
| Vydání: | 1. vyd. |
| Témata: | |
| ISBN: | 9788087333020 |
| On-line přístup: |
|
| Tagy: |
Přidat tag
Žádné tagy, Buďte první, kdo vytvoří štítek k tomuto záznamu!
|
MARC
| LEADER | 00000nam a2200000 4500 | ||
|---|---|---|---|
| 003 | SK-BrCVT | ||
| 005 | 20220617222855.0 | ||
| 008 | 100504s2009 xr e ||||||cze d | ||
| 020 | |a 9788087333020 |c 4,73 | ||
| 035 | |a CVTIDW0000147 | ||
| 040 | |b slo |a CVTI SR |e AACR2 | ||
| 041 | 0 | |a cze | |
| 044 | |a xr | ||
| 080 | |a 621.577 |2 UDC-MRF | ||
| 100 | 1 | |a Srdečný, Karel |4 aut |d 1969- | |
| 245 | 1 | 0 | |a Tepelná čerpadla / |c Karel Srdečný, Jan Truxa |
| 250 | |a 1. vyd. | ||
| 260 | |a Praha : |b EkoWATT, |c 2009 | ||
| 300 | |a 69 s. : |b fotogr., grafy, lit., obr., tab. ; | ||
| 500 | |a Jak pracuje tepelné čerpadlo, zdroje tepla pro tepelná čerpadla, ... | ||
| 653 | 1 | |a tepelné čerpadlo | |
| 653 | 1 | |a zdroj tepla | |
| 653 | 1 | |a voda | |
| 653 | 1 | |a pôdna vrstva | |
| 653 | 1 | |a vzduch | |
| 653 | 1 | |a budova | |
| 653 | 1 | |a ekonomika | |
| 653 | 1 | |a ekológia | |
| 655 | 4 | |a príručky | |
| 700 | 1 | |a Truxa, Jan |4 aut | |
| 910 | |a BA002 |b A610828 |b A610829 | ||
| 919 | |a 978-80-87333-02-0 | ||
| 974 | |a katarina.repata |f Knihy | ||
| 992 | |a APP | ||
| 999 | |c 152786 |d 152786 | ||

